Statistics for Countries that Beat Haiti

Click here to take the quiz!

General Stats

  • This quiz has been taken 119 times
  • The average score is 8 of 15

Answer Stats

RankCategoryCountries% Correct
3Largest country starting with HHonduras | Hungary
90%
4First country Christopher Columbus
landed on at his First Voyage
Spain | Bahamas | Cuba
81%
2First to become independent in the AmericasUnited States
77%
9Most French-speaking country [3]
* outside of Europe
Mauritius | Gabon | Algeria | Rep. of the Congo |
Seychelles | Tunisia | D.R. Congo | Djibouti
75%
2Most earthquake deaths in the 21st century [2]Indonesia
69%
2Lowest GDP per-capita in the Americas [1]Venezuela
62%
5Poor country with the highest difference in its
GDP per-capita from their bordering neighbor [4]
North Korea | Yemen | Syria | Afghanistan
58%
2 (t)Controls the largest island starting with HJapan
45%
2Oldest republic with a black-majority populationLiberia
44%
3Was occupied by the U.S. militarily the earliest
* excluding events prior to the Hague Convention of 1907
Nicaragua | Mexico
43%
5 (t)Shortest land borders
* among countries larger than 10,000 km2
Qatar | Denmark | East Timor | South Korea
33%
3Most populous ending with IMali | Burundi
25%
2Most densely populated in the Americas [5]Barbados
24%
2Has the most populous city starting with "Port"Brazil
16%
4Most dangerous country for U.S. travellers [6]Pakistan | Thailand | Philippines
13%

Score Distribution

Percentile by Number Answered

Percent of People with Each Score

Your Score History

You have not taken this quiz